000 00622nam a2200277Ia 4500
005 20260324143544.0
008 008 260324s9999 xx 000 0 eng d
020 _a9780203058947
037 _aEBOOK
040 _aCRL
040 _beng
040 _cCRL
041 _2eng
041 _aeng
084 _qCRL
100 _aDavid Hornbrook
_91216064
245 0 _aEducation In Drama
260 _bTaylor and Francis
260 _c1991
365 _a
365 _b350
856 _uhttp://www.taylorfrancis.com/books/9780203058947
942 _cEBOOK
999 _c1821604
_d1821604